ბათუმის შოთა რუსთაველის სახელმწიფო უნივერსიტეტის ბიბლიოთეკა

The Art of Fiction (ბიბ.ჩანაწერი № 51286)

000 -LEADER
fixed length control field 00536nam a2200229Ia 4500
001 - CONTROL NUMBER
control field 18255
003 - CONTROL NUMBER IDENTIFIER
control field GE_BSU
008 - FIXED-LENGTH DATA ELEMENTS--GENERAL INFORMATION
fixed length control field 181216s||||||||xx |||||||||||||| ||und||
020 ## - INTERNATIONAL STANDARD BOOK NUMBER
International Standard Book Number 9780099554240
040 ## - CATALOGING SOURCE
Transcribing agency GE_BSU
080 ## - UNIVERSAL DECIMAL CLASSIFICATION NUMBER
Universal Decimal Classification number 821.111.09
100 ## - MAIN ENTRY--PERSONAL NAME
Personal name Lodge,David
245 #4 - TITLE STATEMENT
Title The Art of Fiction
260 ## - PUBLICATION, DISTRIBUTION, ETC.
Place of publication, distribution, etc. London
260 ## - PUBLICATION, DISTRIBUTION, ETC.
Name of publisher, distributor, etc. Vintage books
260 ## - PUBLICATION, DISTRIBUTION, ETC.
Date of publication, distribution, etc. 1992
300 ## - PHYSICAL DESCRIPTION
Extent 240p.20cm
653 ## - INDEX TERM--UNCONTROLLED
Uncontrolled term American fiction--History and criticism--Theory,
653 ## - INDEX TERM--UNCONTROLLED
Uncontrolled term The Art of Fiction
942 ## - ADDED ENTRY ELEMENTS (KOHA)
Koha item type წიგნი
ეგზემპლარები
Withdrawn status Lost status Damaged status Not for loan Date acquired Barcode Date last seen Price effective from Koha item type
        2018-12-17 46507 2018-12-17 2018-12-17 წიგნი
        2018-12-17 46508 2018-12-17 2018-12-17 წიგნი
        2018-12-17 46509 2018-12-17 2018-12-17 წიგნი